000 00800nas a2200253 4500
001 BR0202923
003 BR-BrBNA
005 20231205103022.0
007 ta
008 230509b bl.|||p| |||| 00| 00por d
040 _aBR-BrBNA
_bpor
_cBiblioteca Nacional de Agricultura
041 _a(Pt)
072 _aF60; F30
100 1 _aFumis, T. de F.
100 1 _aPedras, J.F.
245 1 _aVariação nos níveis de prolina, diamina e poliaminas em cultivares de trigo submetidas a déficits hídricos
650 _aTRIGO
650 _aVARIEDADE
650 _aPROLINA
650 _aDEFICIÊNCIA HÍDRICA
773 0 _tPesquisa Agropecuária Brasileira (Brazil)
_xISSN 0100-204X
_g(Apr 2002), v. 37(4) p. 449-453
_wBR0202923
909 _a202311
_bLúcia
_c55
_dLúcia Elande
942 _2AGRIS
_n0
_cANA
999 _c170599
_d170599